<?xml version="1.0" encoding="UTF-8"?>
<collection xmlns="http://www.loc.gov/MARC21/slim">
    <record>
        <controlfield tag="001">63989</controlfield>
        <controlfield tag="005">20171221155204.0</controlfield>
        <datafield tag="037" ind1=" " ind2=" ">
            <subfield code="a">TAZ-TFG-2017-3535</subfield>
        </datafield>
        <datafield tag="041" ind1=" " ind2=" ">
            <subfield code="a">spa</subfield>
        </datafield>
        <datafield tag="100" ind1="1" ind2=" ">
            <subfield code="a">Moreno Lafuente, Álvaro</subfield>
        </datafield>
        <datafield tag="242" ind1="0" ind2="0">
            <subfield code="a">Computer simulation and preliminary design of cogeneration of heat and power system loaded with methanol and with 4 kW HT-PEM fuel cell</subfield>
        </datafield>
        <datafield tag="245" ind1="0" ind2="0">
            <subfield code="a">Simulación y diseño preliminar de un sistema de cogeneración de electricidad y calor con pila de combustible HT-PEM de 4 kW alimentado con metanol</subfield>
        </datafield>
        <datafield tag="260" ind1=" " ind2=" ">
            <subfield code="a">Zaragoza</subfield>
            <subfield code="b">Universidad de Zaragoza</subfield>
            <subfield code="c">2017</subfield>
        </datafield>
        <datafield tag="506" ind1=" " ind2=" ">
            <subfield code="a">by-nc-sa</subfield>
            <subfield code="b">Creative Commons</subfield>
            <subfield code="c">3.0</subfield>
            <subfield code="u">http://creativecommons.org/licenses/by-nc-sa/3.0/</subfield>
        </datafield>
        <datafield tag="520" ind1=" " ind2=" ">
            <subfield code="a">El presente trabajo tiene por objeto la simulación y el diseño preliminar de un sistema de cogeneración de electricidad y calor. Este sistema consta de un reformador, un combustor, una pila y ocho intercambiadores de calor. En el reformador, el metanol reacciona con vapor de agua para producir el hidrógeno que se introduce a la pila, para obtener así electricidad. El reformado es una reacción endotérmica, por lo que se necesita un combustor para aportar el calor necesario y también para calentar los reactivos que van al reformador y a la pila. Los intercambiadores de calor se utilizan para aprovechar todo el calor posible, tanto para calentar el reformador y los reactivos como para obtener agua caliente sanitaria. Como resultado de la simulación y diseño preliminar, se propone que el reformador tenga 1 litro de volumen. Respecto al combustor, se plantean dos opciones: combustor de volumen 0,20 litros con 0,803 kilogramos de catalizador de Pt/CeO2, o combustor de volumen 0,55 litros con 0,429 kilogramos de catalizador de Pt/zeolita. La pila, que proporciona 4 kW de potencia nominal, puede ser: de 260 celdas y área 45,16 cm2, de 72 celdas y área 165 cm2 o de 20 celdas y área 605 cm2. Para los tres casos el volumen de pila es 6 litros. Los intercambiadores son del tipo intercambiadores de placas, por la ventaja de que su volumen es menor al de los intercambiadores de calor de carcasa y tubos. El volumen total que ocupa el sistema, como valor indicativo, es 27,2 litros. También se calcula un presupuesto preliminar. El resultado es unos 7.800 euros.</subfield>
        </datafield>
        <datafield tag="521" ind1=" " ind2=" ">
            <subfield code="a">Graduado en Ingeniería Química</subfield>
        </datafield>
        <datafield tag="540" ind1=" " ind2=" ">
            <subfield code="a">Derechos regulados por licencia Creative Commons</subfield>
        </datafield>
        <datafield tag="700" ind1=" " ind2=" ">
            <subfield code="a">Romero Pascual, Enrique</subfield>
            <subfield code="e">dir.</subfield>
        </datafield>
        <datafield tag="700" ind1=" " ind2=" ">
            <subfield code="a">Soler Herrero, Jaime</subfield>
            <subfield code="e">dir.</subfield>
        </datafield>
        <datafield tag="710" ind1="2" ind2=" ">
            <subfield code="a">Universidad de Zaragoza</subfield>
            <subfield code="b">Ingeniería Química y Tecnologías del Medio Ambiente</subfield>
            <subfield code="c">Ingeniería Química</subfield>
        </datafield>
        <datafield tag="856" ind1="0" ind2=" ">
            <subfield code="f">620660@celes.unizar.es</subfield>
        </datafield>
        <datafield tag="856" ind1="4" ind2=" ">
            <subfield code="s">1676184</subfield>
            <subfield code="u">http://zaguan.unizar.es/record/63989/files/TAZ-TFG-2017-3535_ANE.pdf</subfield>
            <subfield code="y">Anexos (spa)</subfield>
        </datafield>
        <datafield tag="856" ind1="4" ind2=" ">
            <subfield code="s">2113985</subfield>
            <subfield code="u">http://zaguan.unizar.es/record/63989/files/TAZ-TFG-2017-3535.pdf</subfield>
            <subfield code="y">Memoria (spa)</subfield>
        </datafield>
        <datafield tag="909" ind1="C" ind2="O">
            <subfield code="o">oai:zaguan.unizar.es:63989</subfield>
            <subfield code="p">driver</subfield>
            <subfield code="p">trabajos-fin-grado</subfield>
        </datafield>
        <datafield tag="950" ind1=" " ind2=" ">
            <subfield code="a"></subfield>
        </datafield>
        <datafield tag="951" ind1=" " ind2=" ">
            <subfield code="a">deposita:2017-12-21</subfield>
        </datafield>
        <datafield tag="980" ind1=" " ind2=" ">
            <subfield code="a">TAZ</subfield>
            <subfield code="b">TFG</subfield>
            <subfield code="c">EINA</subfield>
        </datafield>
    </record>

    
</collection>